Non domestic rating provisions in the Local Government Act 2003 (Record no. 73796)

MARC details
000 -LEADER
fixed length control field 01171cam a2200313 4500
001 - CONTROL NUMBER
control field ABS67287
008 - FIXED-LENGTH DATA ELEMENTS--GENERAL INFORMATION
fixed length control field 031117n2003 000 0 eng u
035 ## - SYSTEM CONTROL NUMBER
System control number (Sirsi) u124354
100 ## - MAIN ENTRY--PERSONAL NAME
Personal name Lewsley, C.
245 ## - TITLE STATEMENT
Title Non domestic rating provisions in the Local Government Act 2003
260 ## - PUBLICATION, DISTRIBUTION, ETC.
Date of publication, distribution, etc. 2003
490 ## - SERIES STATEMENT
Series statement Rating and Valuation Reporter
Volume/sequential designation November 2003, 290-293(4)
520 ## - SUMMARY, ETC.
Summary, etc. Explains the background to changes in non-domestic rates set out in the Local Government Act 2003 Part V ss60-72 which are not yet in force. Discusses each section separately and seeks to explain the historic context of each change, the reason for that change and its effect.
590 ## - LOCAL NOTE (RLIN)
Local note ABS
650 ## - SUBJECT ADDED ENTRY--TOPICAL TERM
Topical term or geographic name entry element LOCAL GOVERNMENT ACT 2003 PART V
650 ## - SUBJECT ADDED ENTRY--TOPICAL TERM
Topical term or geographic name entry element NON DOMESTIC RATES
650 ## - SUBJECT ADDED ENTRY--TOPICAL TERM
Topical term or geographic name entry element BUSINESS RATES
650 ## - SUBJECT ADDED ENTRY--TOPICAL TERM
Topical term or geographic name entry element SMALL BUSINESSES
650 ## - SUBJECT ADDED ENTRY--TOPICAL TERM
Topical term or geographic name entry element NON DOMESTIC RATING MULTIPLIER
650 ## - SUBJECT ADDED ENTRY--TOPICAL TERM
Topical term or geographic name entry element RURAL SETTLEMENTS
650 ## - SUBJECT ADDED ENTRY--TOPICAL TERM
Topical term or geographic name entry element TRANSITIONAL RELIEF
650 ## - SUBJECT ADDED ENTRY--TOPICAL TERM
Topical term or geographic name entry element AGRICULTURAL EXEMPTION
650 ## - SUBJECT ADDED ENTRY--TOPICAL TERM
Topical term or geographic name entry element PLACES OF WORSHIP
650 ## - SUBJECT ADDED ENTRY--TOPICAL TERM
Topical term or geographic name entry element HARDSHIP RELIEF
650 ## - SUBJECT ADDED ENTRY--TOPICAL TERM
Topical term or geographic name entry element RATEABLE VALUE
650 ## - SUBJECT ADDED ENTRY--TOPICAL TERM
Topical term or geographic name entry element RATING REVALUATION
690 ## - LOCAL SUBJECT ADDED ENTRY--TOPICAL TERM (OCLC, RLIN)
Topical term or geographic name as entry element RATING AND LOCAL TAXATION
942 ## - ADDED ENTRY ELEMENTS (KOHA)
Suppress in OPAC 0
Holdings
Withdrawn status Lost status Source of classification or shelving scheme Damaged status Not for loan Home library Current library Shelving location Date acquired Total Checkouts Full call number Barcode Date last seen Copy number Price effective from Koha item type
    Dewey Decimal Classification     London London Journal article 17/11/2003   ABS67287 124354-1001 06/08/2019 1 06/08/2019 Journal article